| 000 | 00992nam a22002297a 4500 | ||
|---|---|---|---|
| 001 | 2461 | ||
| 003 | FISKH | ||
| 005 | 20231211101631.0 | ||
| 008 | 231211b cb ||||| |||| 00| 0 eng d | ||
| 020 | _a9789388369046 | ||
| 040 |
_aFISKH _beng _cFISKH _dFISKH |
||
| 082 | _a658.4092 | ||
| 100 | _aAnonymous | ||
| 245 |
_aWorld's greatest leaders / _cWonder House |
||
| 260 |
_aUttar Pradesh : _bWonder House, _c2023. |
||
| 300 |
_a160 pages : _billustrations ; _c20 cm |
||
| 520 | _aA well-researched book which celebrate the achievements of charismatic, powerful and influential leaders who have shaped world history. Age appropriate content, fun facts and bold illustrations will appeal to the curiosity of young inquisitive minds and help them develop their reading skill and general knowledge. | ||
| 650 |
_aGreatest Leaders _vJuvenile Literature |
||
| 650 |
_aPowerful people _vJuvenile Literature |
||
| 650 |
_aInspirational People _vJuvenile Literature |
||
| 942 |
_2ddc _cBK _n0 |
||
| 999 |
_c2461 _d2461 |
||